| 000 | 00604nam a22002057a 4500 | ||
|---|---|---|---|
| 003 | LK-CoMWRAF | ||
| 005 | 20231020000928.0 | ||
| 008 | 231020b |||||||| |||| 00| 0 eng d | ||
| 040 |
_aLK-CoMWRAF _dLK-CoMWRAF _eLK-CoMWRAF |
||
| 041 | _aeng | ||
| 082 |
_a808.3 _bSTE |
||
| 100 | _aStein, Sol | ||
| 245 |
_aHow to grow a novel : _bThe most common mistakes writers make and how to overcome them |
||
| 260 |
_aNew York : _bSt. Martin's Press, _c1999 |
||
| 300 | _axvi, 240 p. ; 25 cm. | ||
| 650 | _aFiction--Authorship : | ||
| 650 | _aFiction--Technique | ||
| 650 | _aCreative writing | ||
| 942 | _cBK | ||
| 999 |
_c3953 _d3953 |
||